[Event "Ch Serbia (team) (1 liga)"]
[Site "masterchessopen.com Vrnjacka Banja (Serbia)"]
[Round "11"]
[White "Maksimovic Branimir (SRB)"]
[Black "Jevtic Miodrag (SRB)"]
[Result "1-0"]
[WhiteElo "2415"]
[BlackElo "2334"]

1.d4 Nf6 2.c4 g6 3.g3 Bg7 4.Bg2 O-O 5.Nf3 d5 6.cxd5 Nxd5 7.O-O Nb6 8.Nc3 Nc6
9.e3 h6 10.h3 Re8 11.Kh2 a6 12.Re1 e5 13.d5 Na5 14.e4 Nac4 15.b3 Nd6 16.Be3 f5
17.Nd2 f4 18.Bxb6 fxg3+ 19.fxg3 cxb6 20.Nf3 Bd7 21.Qd2 b5 22.Nd1 Rc8 23.Nf2
Qf6 24.Rac1 b4 25.Rxc8 Bxc8 26.h4 g5 {#r} 1-0

[Event "Ch World (blitz) (w) (1/2 final)"]
[Site "masterchessopen.com Moscow (Russia)"]
[Date "2010.09.15"]
[Round "12"]
[White "Romanko-Guseva Marina (RUS)"]
[Black "Charochkina Daria (RUS)"]
[Result "1-0"]
[WhiteElo "2411"]
[BlackElo "2303"]

1.d4 Nf6 2.c4 g6 3.Nf3 Bg7 4.g3 d5 5.cxd5 Nxd5 6.Bg2 O-O 7.O-O Nb6 8.Nc3 Nc6
9.e3 Re8 10.Re1 Bd7 11.Qe2 a5 12.b3 a4 13.bxa4 Nxa4 14.Nxa4 Rxa4 15.Bb2 Be6
16.a3 Bc4 17.Qc2 Qa8 18.Nd2 Bb5 19.d5 Ne5 20.Bf1 Bxf1 21.Rxf1 Qa5 22.Rfd1 Ra8
23.e4 Qb5 24.Kg2 Nd3 25.Bxg7 Kxg7 26.Rab1 Qa5 27.Qxd3 Rxa3 28.Qd4+ f6 29.Rxb7
Ra2 30.Nf3 Re2 31.Qb4 Qa2 32.Qxe7+ Kh6 33.Rf1 Qc2 34.Rxc7 Qxe4 35.Qxh7# 1-0

[Event "Olympiad"]
[Site "masterchessopen.com Khanty Mansyisk (Russia)"]
[Date "2010.09.28"]
[Round "7"]
[White "McNab Colin A (SCO)"]
[Black "Djukic Nikola (MNE)"]
[Result "0-1"]
[WhiteElo "2445"]
[BlackElo "2475"]

1.c4 Nf6 2.Nf3 g6 3.g3 Bg7 4.Bg2 O-O 5.d4 d5 6.cxd5 Nxd5 7.O-O Nb6 8.Nc3 Nc6
9.e3 Re8 10.Re1 a5 11.Qe2 Be6 12.Rd1 Bc4 13.Qc2 Nb4 14.Qb1 e5 15.b3 exd4
16.exd4 Be6 17.Bf4 Bf5 18.Qb2 Nd3 19.Qd2 Nxf4 20.Qxf4 a4 21.bxa4 Nxa4 22.Nb5
c6 23.Nd6 Nc3 24.Kh1 Nd5 25.Nxf7 Kxf7 26.Ng5+ Kg8 {#R} 0-1

[Event "Olympiad"]
[Site "masterchessopen.com Khanty Mansyisk (Russia)"]
[Date "2010.09.29"]
[Round "8"]
[White "Gomez John Paul (PHI)"]
[Black "Cheparinov Ivan (BUL)"]
[Result "0-1"]
[WhiteElo "2527"]
[BlackElo "2661"]

1.Nf3 Nf6 2.c4 g6 3.d4 Bg7 4.g3 O-O 5.Bg2 d5 6.cxd5 Nxd5 7.O-O Nb6 8.Nc3 Nc6
9.d5 Na5 10.e4 c6 11.Bg5 h6 12.Bf4 cxd5 13.Nxd5 Nac4 14.Qb3 e5 15.Nxb6 Qxb6
16.Qxb6 axb6 17.Bc1 Be6 18.b3 Na3 19.Bb2 Nc2 20.Rac1 Rfc8 21.Bxe5 Rxa2 22.Rfd1
Bxb3 23.Rd7 Be6 24.Rxb7 Nd4 25.Rxc8+ Bxc8 26.Bxg7 Ra1+ 27.Bf1 Kxg7 28.Rxb6 Bh3
29.Nd2 Nf3+ {#R} 0-1

[Event "It (open)"]
[Site "masterchessopen.com Deizisau (Germany)"]
[Round "4"]
[White "Sieglen Joachim (GER)"]
[Black "Kugler Florian (GER)"]
[Result "0-1"]
[WhiteElo "2321"]
[BlackElo "2149"]

1.d4 Nf6 2.c4 g6 3.Nf3 Bg7 4.g3 d5 5.Bg2 O-O 6.cxd5 Nxd5 7.O-O Nb6 8.Nc3 Nc6
9.d5 Na5 10.e4 c6 11.Bg5 h6 12.Bf4 cxd5 13.exd5 Nac4 14.Qe2 Nxb2 15.Ne5 g5
16.Qxb2 gxf4 17.gxf4 Bf5 18.Qe2 Rc8 19.Rac1 Qc7 20.Rfe1 Na4 21.d6 exd6 22.Nd5
Qxc1 23.Ne7+ Kh8 24.Nxf5 Qxf4 {#R} 0-1

[Event "Ch Brazil (universities)"]
[Site "masterchessopen.com Blumenau (Brazil)"]
[Date "2010.11.14"]
[Round "6"]
[White "De Macedo Maximo Iack Miranda"]
[Black "Vescovi Giovanni (BRA)"]
[Result "0-1"]
[WhiteElo "2331"]
[BlackElo "2622"]

1.d4 Nf6 2.c4 g6 3.g3 Bg7 4.Bg2 d5 5.cxd5 Nxd5 6.Nf3 O-O 7.O-O Nb6 8.Nc3 Nc6
9.e3 Re8 10.Qe2 e5 11.dxe5 Nxe5 12.Nxe5 Bxe5 13.Rd1 Qe7 14.e4 c6 15.f4 Bg7
16.Be3 Be6 17.Qf2 Nc4 18.Bc5 Qc7 19.Bf1 b6 20.Bd4 f6 21.Qc2 Rad8 22.Bf2 Bf7
23.Rac1 Qe7 24.Bg2 Rxd1+ 25.Rxd1 Rd8 26.b3 Rxd1+ 27.Nxd1 Na5 28.Qd2 Nb7 29.h4
Nd6 30.Nc3 Be6 31.Bf3 Nf7 32.h5 g5 33.Nd1 Qc7 34.Be2 Bf8 35.Qc2 {#R} 0-1

[Event "Memorial V.Mikenas (open) (active)"]
[Site "masterchessopen.com Vilnius (Lithuania)"]
[Date "2010.11.27"]
[Round "3"]
[White "Shimanov Aleksandr (RUS)"]
[Black "Daulyte Deimante (LTU)"]
[Result "1-0"]
[WhiteElo "2512"]
[BlackElo "2307"]

1.d4 Nf6 2.Nf3 g6 3.c4 Bg7 4.g3 O-O 5.Bg2 d5 6.cxd5 Nxd5 7.O-O Nb6 8.Nc3 Nc6
9.e3 Re8 10.Re1 e5 11.d5 Na5 12.e4 c6 13.b3 cxd5 14.exd5 e4 15.Nxe4 Bf5 16.Bg5
Qxd5 17.Nf6+ Bxf6 18.Bxf6 Qxd1 19.Raxd1 Nc6 20.Nd4 Nxd4 21.Bxd4 Rxe1+ 22.Rxe1
Rd8 23.Bf6 Rb8 24.Be5 Rc8 25.Bxb7 Rc2 26.Bd4 Bd7 27.a4 Rd2 28.Be3 Rb2 29.Rd1
Rxb3 30.Bxb6 Bxa4 31.Rd8+ Kg7 32.Bd4+ Kh6 33.Bd5 Rb1+ 34.Kg2 Bb3 35.Bxb3 {#r}
1-0

[Event "Memorial Crespi (open)"]
[Site "masterchessopen.com Milan (Italy)"]
[Date "2010.12.09"]
[Round "7"]
[White "Tesic Dragan (SRB)"]
[Black "Drazic Sinisa (SRB)"]
[Result "0-1"]
[WhiteElo "2372"]
[BlackElo "2546"]

1.d4 Nf6 2.c4 g6 3.Nf3 Bg7 4.g3 d5 5.cxd5 Nxd5 6.Bg2 O-O 7.O-O Nb6 8.Nc3 Nc6
9.e3 e5 10.d5 Ne7 11.e4 Bg4 12.h3 Bxf3 13.Bxf3 c6 14.Qb3 cxd5 15.Nxd5 Nbxd5
16.exd5 Nf5 17.Bg2 Nd4 18.Qd3 f5 19.d6 Qxd6 20.Bxb7 Rad8 21.Bg2 Qe6 22.Bg5 Rd7
23.Rfd1 f4 24.gxf4 h6 25.Bh4 exf4 26.Re1 Qf7 27.Be4 Nf5 {#R} 0-1

[Event "It (open)"]
[Site "masterchessopen.com Berkeley (USA)"]
[Date "2011.01.03"]
[Round "3"]
[White "Ris Robert (NED)"]
[Black "Haessel Dale R (CAN)"]
[Result "1-0"]
[WhiteElo "2403"]
[BlackElo "2225"]

1.d4 Nf6 2.c4 g6 3.Nf3 Bg7 4.g3 O-O 5.Bg2 d5 6.cxd5 Nxd5 7.O-O Nb6 8.Nc3 Nc6
9.e3 Re8 10.Re1 h6 11.Qe2 a5 12.Rd1 a4 13.Ne5 Na5 14.e4 c6 15.Be3 Be6 16.d5
cxd5 17.exd5 Bf5 18.Bd4 f6 19.Nf3 Bd7 20.Nd2 e5 21.dxe6 Bxe6 22.Nde4 Bc4
23.Qc2 {#r} 1-0

[Event "Ch Georgia (w)"]
[Site "masterchessopen.com Anaklia (Georgia)"]
[Date "2011.01.22"]
[Round "12"]
[White "Batsiashvili Nino (GEO)"]
[Black "Khotenashvili Bela (GEO)"]
[Result "0-1"]
[WhiteElo "2413"]
[BlackElo "2497"]

1.d4 Nf6 2.c4 g6 3.Nf3 Bg7 4.g3 d5 5.cxd5 Nxd5 6.Bg2 O-O 7.O-O Nb6 8.Nc3 Nc6
9.e3 Re8 10.Re1 a5 11.Qe2 Be6 12.Nd2 Nb4 13.Nde4 Bc4 14.Qd2 e5 15.Rd1 Bd3
16.b3 exd4 17.exd4 Qxd4 18.Bb2 Bxe4 19.Qxd4 Bxd4 20.Rxd4 Bxg2 21.Kxg2 Nc2
22.Ne4 Re6 23.Nc5 Nxd4 24.Bxd4 Rd6 25.Bb2 Rd2 26.Rb1 Re8 27.Kf3 Ree2 28.Bd4
Nd5 29.Nxb7 Rxd4 30.Kxe2 Nc3+ 31.Ke3 Rb4 32.Rc1 Nd5+ {#R} 0-1

[Event "It (open)"]
[Site "masterchessopen.com Cento (Italy)"]
[Date "2011.02.07"]
[Round "3"]
[White "Lagrotteria Salvatore (ITA)"]
[Black "Mogranzini Roberto (ITA)"]
[Result "0-1"]
[WhiteElo "2198"]
[BlackElo "2439"]

1.d4 Nf6 2.c4 g6 3.Nf3 Bg7 4.g3 O-O 5.Bg2 d5 6.cxd5 Nxd5 7.O-O Nb6 8.Nc3 Nc6
9.e3 Re8 10.Rb1 Bf5 11.Ra1 Qc8 12.Re1 e5 13.d5 Na5 14.e4 Bg4 15.Qd3 c6 16.Nd2
cxd5 17.exd5 Nac4 18.Nxc4 Nxc4 19.b3 Nd6 20.Bb2 Qd7 21.f3 Bf5 22.Qd2 h5 23.Ne4
Rad8 24.a4 Bxe4 25.fxe4 Kh7 26.Qf2 a6 27.Bc1 Rc8 28.Be3 Rc3 29.Rab1 Rec8
30.Rec1 b5 31.Rxc3 Rxc3 32.Bc5 Bf8 33.Bxd6 Bxd6 34.axb5 Bc5 {#R} 0-1

[Event "Tournament"]
[Site "masterchessopen.com Barcelona (Spain)"]
[Date "2011.04.19"]
[Round "3"]
[White "Arshad Bakhtiari Fatollah (ESP)"]
[Black "Vidarte Morales Arturo (ESP)"]
[Result "0-1"]
[WhiteElo "2099"]
[BlackElo "2330"]

1.d4 Nf6 2.c4 g6 3.g3 Bg7 4.Bg2 d5 5.cxd5 Nxd5 6.Nf3 O-O 7.O-O Nb6 8.Nc3 Nc6
9.e3 Re8 10.h3 e5 11.d5 Na5 12.e4 c6 13.Bg5 f6 14.Be3 Nac4 15.Bc1 cxd5 16.exd5
e4 17.Nd2 Nxd2 18.Bxd2 f5 19.Be3 Nc4 20.Qe2 Nxe3 21.Qxe3 Qb6 22.Qe2 Bd7 23.a4
Rac8 24.a5 Qc5 25.Rfc1 Qb4 26.Qd2 e3 27.fxe3 Rxe3 28.Kh1 Rxg3 29.Qf2 Qh4
30.Nd1 Rxc1 31.Rxc1 Bd4 32.Qf1 Bb5 {#R} 0-1

[Event "Ch Canarias (juniors)"]
[Site "masterchessopen.com Tenerife (Spain)"]
[Date "2011.06.10"]
[Round "3"]
[White "Salazar De La Cruz Jose Maria (ESP)"]
[Black "Rodriguez Lapetra Pablo (ESP)"]
[Result "0-1"]
[WhiteElo "1705"]
[BlackElo "2117"]

1.Nf3 Nf6 2.c4 g6 3.g3 Bg7 4.Bg2 O-O 5.d4 d5 6.cxd5 Nxd5 7.O-O Nb6 8.Nc3 Nc6
9.e3 Re8 10.Qe2 e5 11.dxe5 Nxe5 12.Rd1 Qe7 13.Nxe5 Qxe5 14.Nd5 Nxd5 15.Rxd5
Qe7 16.Qc2 c6 17.Rd1 Bf5 18.Qb3 Rad8 19.h3 Qc5 20.Rd2 b5 21.Rxd8 Rxd8 22.e4
Be6 23.Qf3 Qc2 24.Bg5 Qxb2 25.Rc1 h6 26.Be3 Qxa2 27.Rxc6 b4 28.e5 b3 29.Rxe6
b2 30.Re7 b1=Q+ 31.Kh2 Qf5 32.Qb7 Bxe5 33.Be4 Qfxf2+ 34.Bxf2 Qxf2+ {#R} 0-1

[Event "It (open)"]
[Site "masterchessopen.com Pula (Croatia)"]
[Date "2011.06.20"]
[Round "3"]
[White "Medic Mirjana (CRO)"]
[Black "Fercec Nenad (CRO)"]
[Result "0-1"]
[WhiteElo "2251"]
[BlackElo "2456"]

1.d4 Nf6 2.c4 g6 3.Nf3 Bg7 4.g3 O-O 5.Bg2 d5 6.cxd5 Nxd5 7.O-O Nb6 8.Nc3 Nc6
9.e3 a5 10.b3 a4 11.bxa4 e5 12.Ba3 Re8 13.Bc5 Nd7 14.Ba3 exd4 15.exd4 Nb6
16.Bc5 Nc4 17.Rc1 Bf5 18.Nb5 Nb2 19.Qb3 Nxa4 20.d5 Nxc5 21.Rxc5 Na5 22.Qd1 b6
23.Rc1 Bb2 24.Nxc7 Rc8 25.Nxe8 Rxc1 26.Qe2 Rc2 27.Qb5 Bd7 28.Qd3 Ba4 29.Re1
Bc3 30.Re4 Rc1+ 31.Bf1 Bxe8 32.Qe3 Rxf1+ 33.Kxf1 Bb5+ 34.Kg2 Qxd5 {#R} 0-1

[Event "It (open)"]
[Site "masterchessopen.com Cagliari (Italy)"]
[Date "2011.06.26"]
[Round "7"]
[White "Brunello Sabino (ITA)"]
[Black "Piscopo Pierluigi (ITA)"]
[Result "1-0"]
[WhiteElo "2569"]
[BlackElo "2373"]

1.c4 Nf6 2.g3 g6 3.Bg2 Bg7 4.Nf3 O-O 5.d4 d5 6.cxd5 Nxd5 7.O-O Nb6 8.Nc3 Nc6
9.e3 a5 10.d5 Bxc3 11.dxc6 Qxd1 12.Rxd1 Bf6 13.Nd4 bxc6 14.Bxc6 Rb8 15.b3 Rd8
16.Ba3 Nd5 17.Bxd5 Rxd5 18.Nc6 Rxd1+ 19.Rxd1 Bg4 20.Rc1 Re8 21.Nxa5 Bf3 22.Bb4
Rb8 23.Be1 Be5 24.Nc6 Bxc6 25.Rxc6 Rd8 26.Rc1 Bb2 27.Rxc7 Rd1 28.Kf1 Ba3
29.Ke2 {#r} 1-0

[Event "It (open)"]
[Site "masterchessopen.com Pardubice (Czech Republic)"]
[Date "2011.07.22"]
[Round "1"]
[White "Arun Prasad S (IND)"]
[Black "Bracker Arne (GER)"]
[Result "1-0"]
[WhiteElo "2522"]
[BlackElo "2272"]

1.d4 Nf6 2.c4 g6 3.Nf3 Bg7 4.g3 O-O 5.Bg2 d5 6.cxd5 Nxd5 7.O-O Nb6 8.Nc3 Nc6
9.e3 Re8 10.Qe2 e5 11.dxe5 Nxe5 12.Nxe5 Bxe5 13.e4 h5 14.Be3 Be6 15.Rad1 Qe7
16.Qc2 Qb4 17.f4 Bxc3 18.bxc3 Qa4 19.Qf2 Bc4 20.f5 Bxf1 21.Rxf1 Qc4 22.Bd4
Rad8 23.fxg6 {#r} 1-0

[Event "Ch Quebec (invitational)"]
[Site "masterchessopen.com Montreal (Canada)"]
[Date "2011.07.23"]
[Round "1"]
[White "Voloaca Mihnea (CAN)"]
[Black "Le Roux Jean-Pierre (FRA)"]
[Result "0-1"]
[WhiteElo "2233"]
[BlackElo "2522"]

1.d4 Nf6 2.c4 g6 3.g3 Bg7 4.Bg2 d5 5.cxd5 Nxd5 6.Nf3 O-O 7.O-O Nb6 8.Nc3 Nc6
9.e3 Re8 10.Re1 a5 11.Na4 Nxa4 12.Qxa4 Nb4 13.Qd1 c5 14.a3 Nc6 15.d5 Ne5
16.Nxe5 Bxe5 17.Qc2 Qb6 18.f4 Bg7 19.e4 Bd4+ 20.Be3 e6 21.Bxd4 cxd4 22.Qa4 Rd8
23.Rad1 d3+ 24.Kh1 Bd7 25.Qc4 exd5 26.exd5 Bb5 27.Qb3 Qc5 28.h4 Rac8 29.Kh2 a4
30.Qa2 Qf2 31.Rf1 Qd4 32.Rd2 Rc2 33.Rfd1 Qe3 {#R} 0-1

[Event "Ch Arab Elite"]
[Site "masterchessopen.com Dubai (United Arab Emirates)"]
[Date "2011.10.02"]
[Round "9"]
[White "Adly Ahmed (EGY)"]
[Black "Tissir Mohamed (MAR)"]
[Result "1-0"]
[WhiteElo "2605"]
[BlackElo "2454"]

1.Nf3 Nf6 2.g3 g6 3.Bg2 Bg7 4.c4 O-O 5.d4 d5 6.cxd5 Nxd5 7.O-O Nb6 8.Nc3 Nc6
9.e3 Re8 10.Re1 a5 11.Nd2 a4 12.Nf1 Nb4 13.a3 N4d5 14.e4 Nxc3 15.bxc3 c5 16.e5
cxd4 17.cxd4 Nd5 18.Ne3 Be6 19.Qf3 Qa5 20.Rd1 Red8 21.Bd2 Qa7 22.Rac1 Rd7
23.Rc5 Rad8 24.Rdc1 h5 25.Qe2 Nxe3 26.Bxe3 b6 27.Rc6 Bd5 28.Bxd5 Rxd5 29.Rc7
R8d7 {#r} 1-0

[Event "It (open)"]
[Site "masterchessopen.com Arco (Italy)"]
[Date "2011.10.22"]
[Round "1"]
[White "Giuriato Sergio (ITA)"]
[Black "Rizzo Giuseppe (ITA)"]
[Result "1-0"]
[WhiteElo "1961"]
[BlackElo "1732"]

1.d4 Nf6 2.c4 g6 3.Nf3 d5 4.cxd5 Nxd5 5.g3 Bg7 6.Bg2 Nb6 7.O-O O-O 8.Nc3 Nc6
9.e3 Re8 10.d5 Nb4 11.e4 e6 12.a3 Na6 13.Bg5 Bf6 14.Bxf6 Qxf6 15.e5 Qg7 16.Re1
exd5 17.Nxd5 Nxd5 18.Qxd5 c6 19.Qd4 Nc7 20.Rad1 Be6 21.Ng5 Bf5 22.Qc3 h6
23.Ne4 Bxe4 24.Rxe4 Nd5 25.Qd4 b6 26.Ree1 Rad8 27.f4 c5 28.Qa4 {#r} 1-0

[Event "Ch France (team) (nat.1) 2011/12"]
[Site "masterchessopen.com France"]
[Date "2011.12.10"]
[Round "4"]
[White "Saucey Michel (FRA)"]
[Black "Pujos Stephane (FRA)"]
[Result "1-0"]
[WhiteElo "2247"]
[BlackElo "2333"]

1.d4 Nf6 2.Nf3 g6 3.c4 Bg7 4.g3 O-O 5.Bg2 d5 6.cxd5 Nxd5 7.O-O Nb6 8.Nc3 Nc6
9.e3 Re8 10.h3 a5 11.d5 Nb4 12.e4 Na6 13.Bf4 e5 14.Bg5 f6 15.Bc1 c6 16.dxc6
bxc6 17.b3 Qc7 18.Be3 Rd8 19.Qc1 Nb4 20.a3 Na6 21.Qc2 Be6 22.Rfc1 Qb7 23.Rab1
Rac8 24.Na4 Nd7 25.Nd2 Bf8 26.Nc4 Qc7 27.Bf1 Ra8 28.Ncb6 Ra7 29.Nxd7 Bxd7
30.Bxa7 Qxa7 31.Qc4+ {#r} 1-0

[Event "It \"]
[Site "masterchessopen.com Neustadt a.d. Weinstrasse (Germany)"]
[Date "2012.02.20"]
[Round "2"]
[White "Braun Peter (GER)"]
[Black "Heimann Andreas (GER)"]
[Result "0-1"]
[WhiteElo "2203"]
[BlackElo "2459"]

1.d4 Nf6 2.c4 g6 3.g3 Bg7 4.Bg2 d5 5.cxd5 Nxd5 6.Nf3 O-O 7.O-O Nb6 8.Nc3 Nc6
9.e3 Re8 10.Re1 a5 11.Qe2 Be6 12.Rd1 Bc4 13.Qc2 Nb4 14.Qb1 e5 15.b3 exd4
16.bxc4 dxc3 17.Rxd8 Raxd8 18.Nd4 Rxd4 19.exd4 Re1+ 20.Bf1 Bxd4 21.a3 c2
22.Qb3 Bxa1 23.Bh6 Bg7 24.axb4 Bxh6 25.Qxc2 axb4 26.Qd3 Bf8 27.Kg2 Na4 28.Qd2
Re6 29.Qd3 Nc5 30.Qd2 b3 31.Qc3 Bg7 32.Qb4 b2 33.Qb5 Re1 34.Bd3 Nxd3 {#R} 0-1

[Event "Ch Europe"]
[Site "masterchessopen.com Plovdiv (Bulgaria)"]
[Date "2012.03.21"]
[Round "2"]
[White "Stefansson Hannes (ISL)"]
[Black "Vuckovic Bojan (SRB)"]
[Result "1-0"]
[WhiteElo "2534"]
[BlackElo "2628"]

1.d4 Nf6 2.Nf3 g6 3.g3 Bg7 4.Bg2 O-O 5.c4 d5 6.cxd5 Nxd5 7.O-O Nb6 8.Nc3 Nc6
9.e3 Re8 10.d5 Na5 11.Nd4 Bd7 12.b3 Rc8 13.Bb2 c6 14.e4 cxd5 15.exd5 Nbc4
16.Bc1 Nd6 17.Nce2 Bf5 18.Nf4 Be4 19.Bh3 Nf5 20.Nxf5 Bxf5 21.Bxf5 Bxa1 22.Bxc8
Qxc8 23.Bd2 Bc3 24.d6 Bxd2 25.Nd5 Nc6 26.Qxd2 Ne5 27.Qe3 exd6 28.Nf6+ {#r} 1-0

[Event "Ch Europe"]
[Site "masterchessopen.com Plovdiv (Bulgaria)"]
[Date "2012.03.25"]
[Round "6"]
[White "Petrisor Adrian (ROM)"]
[Black "Todorov Yavor (BUL)"]
[Result "1-0"]
[WhiteElo "2385"]
[BlackElo "2002"]

1.Nf3 Nf6 2.g3 d5 3.Bg2 g6 4.O-O Bg7 5.c4 O-O 6.cxd5 Nxd5 7.d4 Nb6 8.Nc3 Nc6
9.e3 Re8 10.Re1 a5 11.Qe2 a4 12.Rd1 Bd7 13.Ne4 Qc8 14.Nc5 Bg4 15.Qf1 Qf5
16.Nh4 Qc8 17.f3 Be6 18.Nxe6 Qxe6 19.f4 Na5 20.Nf3 Nbc4 21.Ne5 Nxe5 22.fxe5 c6
23.Qd3 Red8 24.Qe2 Rac8 25.Bd2 Nc4 26.Be1 f6 27.b3 Nb6 28.Ba5 Nd5 29.Bxd8 Nc3
30.Qd2 Nxd1 31.Bb6 axb3 32.Rxd1 bxa2 33.d5 Qg4 34.dxc6 Qa4 35.cxb7 Rf8 36.Ra1
{#r} 1-0

[Event "Ch Europe"]
[Site "masterchessopen.com Plovdiv (Bulgaria)"]
[Date "2012.03.29"]
[Round "9"]
[White "Kempinski Robert (POL)"]
[Black "Kovalev Vladislav (BLR)"]
[Result "1-0"]
[WhiteElo "2610"]
[BlackElo "2453"]

1.d4 Nf6 2.c4 g6 3.Nf3 Bg7 4.g3 O-O 5.Bg2 d5 6.cxd5 Nxd5 7.O-O Nb6 8.Nc3 Nc6
9.e3 Re8 10.d5 Na5 11.Nd4 Bd7 12.e4 c6 13.Bf4 cxd5 14.exd5 Rc8 15.Rc1 Nac4
16.b3 Nd6 17.Qd2 Rc5 18.Be3 Rc8 19.a4 Na8 20.Ne4 Nxe4 21.Bxe4 Bh3 22.Rxc8 Qxc8
23.Rc1 Qd7 24.Ne2 a6 25.Nf4 Bf5 26.Bxf5 Qxf5 27.d6 exd6 28.Qxd6 h5 29.Rd1 Qc2
30.Qd7 Rf8 31.b4 Qe4 32.Bc5 Re8 33.Nd5 Rb8 34.Bd6 Qf3 {#r} 1-0

[Event "Ch State Victoria"]
[Site "masterchessopen.com Melbourne (Australia)"]
[Date "2012.05.01"]
[Round "1"]
[White "Zelesco Karl"]
[Black "Dragicevic Domagoj (AUS)"]
[Result "1-0"]
[WhiteElo "2093"]
[BlackElo "2303"]

1.d4 Nf6 2.c4 g6 3.g3 Bg7 4.Bg2 d5 5.cxd5 Nxd5 6.Nf3 O-O 7.O-O Nb6 8.Nc3 Nc6
9.e3 Re8 10.Re1 a5 11.Qe2 Be6 12.Rd1 Bc4 13.Qc2 a4 14.d5 Nb4 15.Qb1 N4xd5
16.Nxd5 Nxd5 17.Ne1 a3 18.Bxd5 Bxd5 19.e4 Bc6 20.Rxd8 Rexd8 21.Qc2 Ra4 22.f3
Rad4 23.Rb1 axb2 24.Bxb2 Rd2 25.Qb3 Bf8 26.Qc3 f6 27.Bc1 Rd1 28.Qb3+ Kh8
29.Bf4 Ba4 30.Rxd1 Rxd1 31.Qxa4 Rxe1+ 32.Kf2 Rb1 33.Qe8 Kg7 34.Bh6+ Kxh6
35.Qxf8+ {#r} 1-0

[Event "Ch State Victoria"]
[Site "masterchessopen.com Melbourne (Australia)"]
[Round "7"]
[White "Stojic Dusan (AUS)"]
[Black "Dragicevic Domagoj (AUS)"]
[Result "0-1"]
[WhiteElo "2316"]
[BlackElo "2303"]

1.Nf3 Nf6 2.g3 g6 3.Bg2 Bg7 4.O-O O-O 5.c4 d5 6.cxd5 Nxd5 7.d4 Nb6 8.Nc3 Nc6
9.e3 Re8 10.d5 Na5 11.Nd4 Bd7 12.e4 c6 13.Bg5 cxd5 14.exd5 Nac4 15.b3 Nd6
16.Qd2 Rc8 17.Rac1 Rc5 18.Rfe1 Nbc8 19.Be3 Qa5 20.a3 Rc7 21.Bf1 Nb6 22.Qa2
Rxc3 23.Rxc3 Qxc3 24.Rc1 Qa5 25.Nc6 Qxd5 26.Nxa7 Nbc8 {#R} 0-1

[Event "It (open) \"]
[Site "masterchessopen.com Lazy (Poland)"]
[Date "2012.07.06"]
[Round "7"]
[White "Bulski Krzysztof (POL)"]
[Black "Mulet Piotr (POL)"]
[Result "1-0"]
[WhiteElo "2554"]
[BlackElo "2282"]

1.d4 Nf6 2.c4 g6 3.g3 Bg7 4.Bg2 d5 5.cxd5 Nxd5 6.Nf3 O-O 7.O-O Nb6 8.Nc3 Nc6
9.e3 Re8 10.Re1 e5 11.d5 Na5 12.e4 c6 13.b3 cxd5 14.exd5 e4 15.Nxe4 Bf5 16.Bg5
Qxd5 17.Nf6+ Bxf6 18.Bxf6 Nc6 19.Qc1 Qd6 20.Bb2 Nd5 21.Qh6 Qf8 22.Qh4 h6
23.Nd2 Ndb4 24.Ne4 Bxe4 25.Bxe4 Kh7 26.Rad1 Rad8 27.Bxc6 a5 {#r} 1-0

[Event "It (open)"]
[Site "masterchessopen.com Hamburg (Germany)"]
[Date "2012.07.08"]
[Round "2"]
[White "Johannsen Dennis (GER)"]
[Black "Kahlert Thomas (GER)"]
[Result "0-1"]
[WhiteElo "2085"]
[BlackElo "2229"]

1.Nf3 Nf6 2.g3 g6 3.Bg2 Bg7 4.c4 O-O 5.O-O d5 6.cxd5 Nxd5 7.d4 Nb6 8.Nc3 Nc6
9.e3 e5 10.d5 Ne7 11.e4 Bg4 12.Qb3 c6 13.h3 Bxf3 14.Bxf3 cxd5 15.Nxd5 Nbxd5
16.exd5 Qd7 17.Rd1 Nf5 18.Bg4 b6 19.h4 Qd6 20.Bxf5 gxf5 21.Qf3 Qg6 22.d6 Rad8
23.d7 Qe6 24.Qb7 f4 25.a4 Qg4 26.Rd3 Qe2 27.Rd5 Qe1+ 28.Kg2 Bh6 {#R} 0-1

[Event "Tournament (open)"]
[Site "masterchessopen.com Bogota (Colombia)"]
[Date "2012.07.20"]
[Round "3"]
[White "Rivera Alberto (CUB)"]
[Black "Almanza Rafael (COL)"]
[Result "1-0"]
[WhiteElo "2322"]
[BlackElo "2160"]

1.d4 Nf6 2.Nf3 g6 3.c4 Bg7 4.g3 O-O 5.Bg2 d5 6.cxd5 Nxd5 7.O-O Nb6 8.Nc3 Nc6
9.e3 Re8 10.d5 Na5 11.Nd4 e5 12.dxe6 Bxe6 13.Nxe6 Rxe6 14.Qc2 c6 15.Rd1 Qe7
16.b3 h5 17.Bd2 c5 18.Rac1 Nc6 19.Ne4 c4 20.bxc4 f5 21.Nc3 Kh7 22.Nd5 Qc5
23.Nc7 Rae8 24.Nxe8 Rxe8 25.Bc3 Bh6 26.Bxc6 Qxc6 27.Bd4 h4 28.Qd3 Qf3 29.Bxb6
axb6 30.Qd5 {#r} 1-0

[Event "Ch Montenegro (team) (1 liga)"]
[Site "masterchessopen.com Cetinje (Montenegro)"]
[Date "2012.08.07"]
[Round "5"]
[White "Vih Antun (MNE)"]
[Black "Djukic Nikola (MNE)"]
[Result "0-1"]
[WhiteElo "2182"]
[BlackElo "2515"]

1.d4 Nf6 2.Nf3 g6 3.c4 Bg7 4.g3 O-O 5.Bg2 d5 6.cxd5 Nxd5 7.O-O Nb6 8.Nc3 Nc6
9.e3 Re8 10.Re1 a5 11.d5 Nb4 12.e4 c6 13.a3 Na6 14.Nd4 e6 15.Nc2 exd5 16.exd5
Rxe1+ 17.Nxe1 cxd5 18.Nxd5 Be6 19.Bg5 Qxg5 20.Nxb6 Rd8 21.Qc2 Qc5 22.Qxc5 Nxc5
23.Rc1 Nb3 24.Rc2 Rd1 25.Kf1 Bf5 {#R} 0-1

[Event "Memorial M.Najdorf (open)"]
[Site "masterchessopen.com Warsaw (Poland)"]
[Date "2012.08.09"]
[Round "4"]
[White "Maciaga Marcin (POL)"]
[Black "Zaczek Jonathon (CAN)"]
[Result "0-1"]
[WhiteElo "2224"]
[BlackElo "2096"]

1.d4 Nf6 2.c4 g6 3.g3 d5 4.cxd5 Nxd5 5.Bg2 Bg7 6.Nf3 O-O 7.O-O Nb6 8.Nc3 Nc6
9.e3 Re8 10.Re1 a5 11.Qe2 Be6 12.Rd1 Bc4 13.Qc2 Nb4 14.Qb1 e5 15.b3 exd4
16.Nxd4 Bd3 17.Qb2 c5 18.Nde2 Qf6 19.Rd2 Rad8 20.a3 Bxe2 21.axb4 Rxd2 22.Bxd2
axb4 23.Rc1 Bf3 24.Bf1 Qe7 25.Qc2 bxc3 26.Bxc3 Rc8 27.Bh3 Rc6 28.Bg2 Bxg2
29.Kxg2 c4 {#R} 0-1

[Event "It (open)"]
[Site "masterchessopen.com Livigno (Italy)"]
[Date "2012.09.14"]
[Round "6"]
[White "Tesic Dragan (SRB)"]
[Black "Formento Paolo (ITA)"]
[Result "0-1"]
[WhiteElo "2361"]
[BlackElo "2155"]

1.d4 Nf6 2.c4 g6 3.Nf3 Bg7 4.g3 O-O 5.Bg2 d5 6.cxd5 Nxd5 7.O-O Nb6 8.Nc3 Nc6
9.e3 e5 10.d5 Ne7 11.e4 Bg4 12.Qb3 c6 13.h3 Bxf3 14.Bxf3 cxd5 15.Nxd5 Nbxd5
16.exd5 Nf5 17.Qxb7 Nd4 18.Bg2 Qd6 19.f4 e4 20.Bxe4 Rfb8 21.Qxa8 Rxa8 22.Bd2
Qb6 23.Rf2 f5 24.Bg2 Ne2+ {#R} 0-1

[Event "It \"]
[Site "masterchessopen.com Senden (Germany)"]
[Date "2012.10.06"]
[Round "1"]
[White "Schulz Stefan (GER)"]
[Black "Torres Kuckel Rafael (GER)"]
[Result "0-1"]
[WhiteElo "1972"]
[BlackElo "2311"]

1.d4 Nf6 2.Nf3 g6 3.c4 Bg7 4.g3 O-O 5.Bg2 d5 6.cxd5 Nxd5 7.O-O Nb6 8.Nc3 Nc6
9.e3 Be6 10.b3 a5 11.Bb2 a4 12.Ng5 Bf5 13.e4 a3 14.Bxa3 Rxa3 15.exf5 e6 16.Qc1
Ra5 17.Bxc6 bxc6 18.Nf3 Rxf5 19.Qe3 c5 20.Rad1 Qa8 21.dxc5 Rxf3 22.Qe2 Rxc3
23.cxb6 cxb6 24.Rd7 Qc6 25.Rfd1 b5 26.R7d6 Qc5 27.a4 Rxb3 28.a5 Ra3 29.a6 b4
30.Qd2 b3 31.Rc1 Qb5 {#R} 0-1